| 000 | 00733nam a2200241Ia 4500 | ||
|---|---|---|---|
| 003 | OSt | ||
| 005 | 20220928125332.0 | ||
| 006 | a|||||r|||| 00| 0 | ||
| 007 | ta | ||
| 008 | 220927b |||||||| |||| 00| 0 eng d | ||
| 020 | _c599.00 | ||
| 024 | _a64203 | ||
| 037 |
_b0260, 08/03/2017, Bookwell Publication _cTextual |
||
| 040 |
_aSDCL _cSDCL _beng |
||
| 041 |
_2eng _aeng |
||
| 082 | _aV2y7N17, P1 LR | ||
| 100 |
_aFrank Katherine _9469307 |
||
| 245 | 0 |
_aIndira _b The life of indira nehru gandhi |
|
| 260 |
_aNoida _bHarpercollins _c2001 |
||
| 300 |
_axvii,567p. _ccm. |
||
| 942 |
_hV2y7N17, P1 LR _cTEXL _2CC |
||
| 999 |
_c781974 _d781974 |
||